Essentials of sociology / (Record no. 192766)

MARC details
000 -LEADER
fixed length control field 01016cam a2200277 i 4500
003 - CONTROL NUMBER IDENTIFIER
control field MY-SjTCS
005 - DATE AND TIME OF LATEST TRANSACTION
control field 20260109104901.0
008 - FIXED-LENGTH DATA ELEMENTS--GENERAL INFORMATION
fixed length control field 260109s2024 nyua|||| b||| 001 0 eng d
020 ## - INTERNATIONAL STANDARD BOOK NUMBER
International Standard Book Number 9781324062318
Qualifying information paperback
040 ## - CATALOGING SOURCE
Original cataloging agency MY-SjTCS
Language of cataloging eng
Transcribing agency MY-SjTCS
Description conventions rda
Modifying agency MY-SjTCS
082 04 - DEWEY DECIMAL CLASSIFICATION NUMBER
Classification number 301
Item number GID 2024
100 1# - MAIN ENTRY--PERSONAL NAME
Personal name Giddens, Anthony
Relator term author.
9 (RLIN) 216338
245 10 - TITLE STATEMENT
Title Essentials of sociology /
Statement of responsibility, etc. Anthony Giddens, Mitchell Duneier, Richard P. Appelbaum, Deborah Carr.
250 ## - EDITION STATEMENT
Edition statement 9th edition.
264 #1 - PRODUCTION, PUBLICATION, DISTRIBUTION, MANUFACTURE, AND COPYRIGHT NOTICE
Place of production, publication, distribution, manufacture New York :
Name of producer, publisher, distributor, manufacturer W.W. Norton & Company, Inc.,
Date of production, publication, distribution, manufacture, or copyright notice [2024]
300 ## - PHYSICAL DESCRIPTION
Extent xxx, 561, G10, B37, C2, I19 pages :
Other physical details colour illustrations ;
Dimensions 28 cm
336 ## - CONTENT TYPE
Content type term text
Source rdacontent
337 ## - MEDIA TYPE
Media type term unmediated
Source rdamedia
338 ## - CARRIER TYPE
Carrier type term volume
Source rdacarrier
504 ## - BIBLIOGRAPHY, ETC. NOTE
Bibliography, etc. note Includes bibliographical references and index.
650 #0 - SUBJECT ADDED ENTRY--TOPICAL TERM
Topical term or geographic name entry element Sociology.
9 (RLIN) 200381
700 1# - ADDED ENTRY--PERSONAL NAME
Personal name Duneier, Mitchell,
Relator term author.
9 (RLIN) 75990
700 1# - ADDED ENTRY--PERSONAL NAME
Personal name Appelbaum, Richard P.,
Relator term author.
9 (RLIN) 44617
700 1# - ADDED ENTRY--PERSONAL NAME
Personal name Carr, Deborah S.
Relator term author.
9 (RLIN) 46361
920 ## - Programme
Programme SLAS : 339306
Holdings
Withdrawn status Lost status Source of classification or shelving scheme Damaged status Not for loan Home library Current library Date acquired Source of acquisition Cost, normal purchase price Inventory number Total Checkouts Barcode Date last seen Cost, replacement price Price effective from Koha item type Public note
    Dewey Decimal Classification     Taylor's Library-TU Taylor's Library-TU 21/11/2025 123 700.94 TU700001840   5000175728 21/11/2025 700.94 21/11/2025 Main Collection SLASx,05007,03,RA